000 00621nam a2200193 a 4500
001 000042935
005 20201002040518.0
008 140213s1989 dr 000 0 spa d
040 _aDO-SdBNP
_bspa
_cBNPHU
082 _axxx
_bxxx
100 1 _aMonclús C., Juan Francisco
_919465
245 1 0 _a500 preguntas contestadas por un abogado /
_cJuan Francisco Monclus C.
246 1 0 _aQuinientas preguntas contestada por un abogado
260 _aSanto Domingo :
_bEl Estudiante,
_c1989.
300 _a39 p. ;
_c22 cm.
490 1 _a500 Preguntas
_v3
504 _aBibliografía : p. 39
830 0 _a500 Preguntas ;
_n3
_970419
999 _c42424
_d42424